Schwarzenegger on Ice Quiz Stats

 Plays Quiz Updated Oct 25, 2019

Support Sporcle.
Go Orange.
Score 0/16 Timer 04:00
2 Plays Today
% Correct
Allow me to break the ICE...
76.1%
Tonight's forecast…a FREEZE is coming!
74.1%
My name is Freeze. Learn it well. For it's the CHILLING sound of your doom!
70.5%
Tonight, hell FREEZES over!
70%
What killed the dinosaurs? The ICE AGE!
69.3%
FREEZE in hell, Batman!
68.4%
Alright, everyone: CHILL!
66.5%
Stay COOL, Birdboy!
63.2%
% Correct
I'm afraid my condition has left me COLD to your pleas of mercy!
61%
The ICE MAN cometh!
57.9%
Let's kick some ICE!
57.7%
You're not sending ME to the COOLER!
57.6%
COOL party!
53%
Prepare for a bitter harvest...WINTER has come at last!
50.5%
Can you feel it coming? The ICY COLD of space!
42%
Always WINTERIZE your pipes!
36%

From the Vault

Minefield Map: South American Capitals

by citkeane

We find that when traveling abroad it is always helpful to know all the mines are located.
Remove Ads.
Support Sporcle.
Get the best of Sporcle when you Go Orange. This ad-free experience offers more features, more stats, and more fun while also helping to support Sporcle. Thank you for becoming a member.

Show Comments

Extras

Top Quizzes Today


Score Distribution

Your Account Isn't Verified!

In order to create a playlist on Sporcle, you need to verify the email address you used during registration. Go to your Sporcle Settings to finish the process.

Report this User

Report this user for behavior that violates our Community Guidelines.

Details: